Discrete mathematics for engineers and scientists / (Record no. 357469)
[ view plain ]
| 000 -LEADER | |
|---|---|
| fixed length control field | 00496nam a2200181Ia 4500 |
| 008 - FIXED-LENGTH DATA ELEMENTS--GENERAL INFORMATION | |
| fixed length control field | 180523s9999 xx 000 0 und d |
| 020 ## - INTERNATIONAL STANDARD BOOK NUMBER | |
| International Standard Book Number | 978-981-4232-92-0 |
| 050 ## - LIBRARY OF CONGRESS CALL NUMBER | |
| Classification number | MAIN QA 39.3 |
| 050 ## - LIBRARY OF CONGRESS CALL NUMBER | |
| Item number | .H34 2008 c.2 |
| 100 ## - MAIN ENTRY--PERSONAL NAME | |
| Personal name | Haggard, Gary. |
| 245 #0 - TITLE STATEMENT | |
| Title | Discrete mathematics for engineers and scientists / |
| 245 #0 - TITLE STATEMENT | |
| Statement of responsibility, etc | Gary Haggard, John Schlipf, Sue Whitesides. |
| 260 ## - PUBLICATION, DISTRIBUTION, ETC. (IMPRINT) | |
| Place of publication, distribution, etc | Singapore : |
| 260 ## - PUBLICATION, DISTRIBUTION, ETC. (IMPRINT) | |
| Name of publisher, distributor, etc | Thomson Learning, |
| 260 ## - PUBLICATION, DISTRIBUTION, ETC. (IMPRINT) | |
| Date of publication, distribution, etc | 2008 |
| 300 ## - PHYSICAL DESCRIPTION | |
| Extent | 600 pages : |
| 300 ## - PHYSICAL DESCRIPTION | |
| Dimensions | 24 cm. |
| Withdrawn status | Lost status | Damaged status | Home library | Current library | Shelving location | Date acquired | Total Checkouts | Full call number | Barcode | Date last seen | Price effective from | Koha item type |
|---|---|---|---|---|---|---|---|---|---|---|---|---|
| South Mansfield College | South Mansfield College | 05/26/2008 | MAIN QA 39.3 .H34 2008 c.2 | SMC05102 | 05/23/2018 | 05/23/2018 |